000 00649nam a2200241Ia 4500
003 OSt
005 20221002052432.0
006 a|||||r|||| 00| 0
007 ta
008 220930b |||||||| |||| 00| 0 eng d
024 _a44963
037 _cReference Collections
040 _aCRL
_cCRL
_beng
041 _2eng
_aeng
082 _aP28:4k, 111N0(RR)
100 _aHava J G
245 0 _aCosmo students dictionary of Arabic English
260 _aNew Delhi
_bCosmo
_c1990
300 _a915p
_ccm.
650 _aLINGUISTICS
942 _hP28:4k, 111N0(RR)
_cref
_2CC
999 _c919543
_d919543